မြတ်ဘုရားပွင့်တော်မူရာ ဗုဒ္ဓဂယာ / (Record no. 40933)

000 -LEADER
fixed length control field 00907nam a22001817a 4500
005 - DATE AND TIME OF LATEST TRANSACTION
control field 20241007131939.0
008 - FIXED-LENGTH DATA ELEMENTS--GENERAL INFORMATION
fixed length control field 241007b ||||| |||| 00| 0 eng d
040 ## - CATALOGING SOURCE
Transcribing agency SSBUL
082 ## - DEWEY DECIMAL CLASSIFICATION NUMBER
Edition number 23
Classification number ၂၉၄.၃၀၉၅၄ ့
Item number ၁၃၁၉၂ S-SAT
100 0# - MAIN ENTRY--PERSONAL NAME
Personal name အံ့၊ မောင်(မဟာဝိဇ္ဇာ)
9 (RLIN) 54915
245 1# - TITLE STATEMENT
Title မြတ်ဘုရားပွင့်တော်မူရာ ဗုဒ္ဓဂယာ /
Remainder of title မောင်အံ့ (မဟာဝိဇ္ဇာ-ဘုံဘေ)
250 ## - EDITION STATEMENT
Edition statement ပဉ္ဓမအကြိမ်။
260 ## - PUBLICATION, DISTRIBUTION, ETC.
Place of publication, distribution, etc. ရန်ကုန် ၊
Name of publisher, distributor, etc. သာသနာရေးဦးစီးဌာန၊
Date of publication, distribution, etc. ၁၉၉၆။
300 ## - PHYSICAL DESCRIPTION
Extent ၁၇၄ စာမျက်နှာ ၊
Other physical details ပုံများ ၊
Dimensions ၂၀ စင်တီ။
500 ## - GENERAL NOTE
General note S-SAT: Dr. Sai Aung Tun<br/>S-KZN: Prof. Kyaw Zaw Naing
650 ## - SUBJECT ADDED ENTRY--TOPICAL TERM
Topical term or geographic name entry element ဗုဒ္ဓဂယာ
942 ## - ADDED ENTRY ELEMENTS (KOHA)
Source of classification or shelving scheme
Koha item type Book (Short term)
Holdings
Withdrawn status Lost status Source of classification or shelving scheme Damaged status Not for loan Collection code Permanent Location Current Location Shelving location Date acquired Total Checkouts Full call number Barcode Date last seen Price effective from Koha item type Accession
          Special Collections Shan State Buddhist University Library Shan State Buddhist University Library Special Collection Shelves 07/10/2024   ၂၉၄.၃၀၉၅၄ အံ့ ၁၃၁၉၂ S-SAT MB00013192 07/10/2024 07/10/2024 Book (Short term) ၁၃၁၉၂ S-SAT
          Special Collections Shan State Buddhist University Library Shan State Buddhist University Library Special Collection Shelves 07/10/2024   ၂၉၄.၃၀၉၅၄ အံ့ ၉၁၆၂(၁) S-SAT MB00009162 07/10/2024 07/10/2024 Book (Short term) ၉၁၆၂(၁) S-SAT
          Special Collections Shan State Buddhist University Library Shan State Buddhist University Library Special Collection Shelves 07/10/2024   ၂၉၄.၃၀၉၅၄ အံ့ ၉၁၆၆(၂) S-SAT MB00009166 07/10/2024 07/10/2024 Book (Short term) ၉၁၆၆(၂) S-SAT
          Special Collections Shan State Buddhist University Library Shan State Buddhist University Library Special Collection Shelves 07/10/2024   ၂၉၄.၃၀၉၅၄ အံ့ ၉၁၆၇(၃) S-SAT MB00009167 07/10/2024 07/10/2024 Book (Short term) ၉၁၆၇(၃) S-SAT
          Special Collections Shan State Buddhist University Library Shan State Buddhist University Library Special Collection Shelves 07/10/2024   ၂၉၄.၃၀၉၅၄ အံ့ ၁၃၀၈၁ S-SAT MB00013081 07/10/2024 07/10/2024 Book (Short term) ၁၃၀၈၁ S-SAT
          Special Collections Shan State Buddhist University Library Shan State Buddhist University Library Special Collection Shelves 07/10/2024   ၂၉၄.၃၀၉၅၄ အံ့ ၁၄၃၉၃ S-KZN MB00014393 07/10/2024 07/10/2024 Book (Short term) ၁၄၃၉၃ S-KZN

Library - 09407999929
Admin Office - 09407999979
Dean Office - 09250910768
Registrar Office - 09892297154
Email - [email protected]
Shan State Buddhist University, Phaya Phyu Taunggyi, Shan State, Myanmar.